Volume Two: Herman Melville to Trumbull Stickney; American Indian Poetry; Folk Songs and Spirituals
محفوظ في:
| المؤلف الرئيسي: | |
|---|---|
| التنسيق: | كتاب |
| اللغة: | Undetermined |
| منشور في: |
New York, Estados Unidos
The Library of America
1993
|
| الموضوعات: | |
| الوسوم: |
إضافة وسم
لا توجد وسوم, كن أول من يضع وسما على هذه التسجيلة!
|
MARC
| LEADER | 00000nam a2200000Ia 4500 | ||
|---|---|---|---|
| 008 | 170316s9999 xx 000 0 und d | ||
| 040 | |a cru BVZT | ||
| 090 | |a E-810 A-2h | ||
| 100 | |a American Poetry: The Nineteenth Century | ||
| 245 | |a Volume Two: Herman Melville to Trumbull Stickney; American Indian Poetry; Folk Songs and Spirituals | ||
| 260 | |a New York, Estados Unidos | ||
| 260 | |b The Library of America | ||
| 260 | |c 1993 | ||
| 300 | |a 1049 páginas | ||
| 650 | |a LITERATURA ESTADOUNIDENSE - COLECCIÓN ESPECIAL | ||
| 650 | |a POESÍA | ||
| 999 | |c 13271 |d 13271 | ||
| 942 | |c 15 D |h E-810 A-2h |2 z | ||
